[Event "Team Championship of Russia (rapid)"]
[Site "Sochi"]
[Date "2015.05.08"]
[Round "1.23"]
[White "Gerasimov, Ivan"]
[Black "Bocharov, Dmitry"]
[Result "1/2-1/2"]
[LiveChessVersion "1.4.4"]
[BlackElo "2553"]
[WhiteElo "2311"]
[BlackTeam "Siberia"]
[WhiteTeam "Ladya-2"]

1. e4 {[%clk 0:15:17]} c5 {[%clk 0:15:19]} 2. Nf3 {[%clk 0:15:25]} e6
{[%clk 0:15:27]} 3. d4 {[%clk 0:15:31]} cxd4 {[%clk 0:15:35]} 4. Nxd4
{[%clk 0:15:40]} a6 {[%clk 0:15:43]} 5. Bd3 {[%clk 0:15:43]} Nf6 {[%clk 0:15:51]}
6. O-O {[%clk 0:15:44]} Qc7 {[%clk 0:15:59]} 7. Kh1 {[%clk 0:15:19]} d6
{[%clk 0:15:44]} 8. c4 {[%clk 0:15:12]} g6 {[%clk 0:15:47]} 9. Nc3
{[%clk 0:14:58]} Bg7 {[%clk 0:15:55]} 10. f4 {[%clk 0:14:47]} Nbd7
{[%clk 0:15:59]} 11. Be3 {[%clk 0:14:48]} b6 {[%clk 0:16:05]} 12. Bg1
{[%clk 0:14:41]} O-O {[%clk 0:16:08]} 13. Qe2 {[%clk 0:14:23]} Bb7
{[%clk 0:16:15]} 14. Nf3 {[%clk 0:13:52]} Rac8 {[%clk 0:15:51]} 15. Rad1
{[%clk 0:13:25]} Rfe8 {[%clk 0:15:32]} 16. Nd2 {[%clk 0:08:37]} Qb8
{[%clk 0:14:45]} 17. Bb1 {[%clk 0:08:16]} Ba8 {[%clk 0:14:10]} 18. Rde1
{[%clk 0:07:55]} Rcd8 {[%clk 0:11:50]} 19. Qf3 {[%clk 0:05:49]} b5
{[%clk 0:11:54]} 20. cxb5 {[%clk 0:05:01]} axb5 {[%clk 0:12:03]} 21. Qh3
{[%clk 0:04:47]} b4 {[%clk 0:11:54]} 22. Ne2 {[%clk 0:04:42]} Rc8
{[%clk 0:11:12]} 23. Rc1 {[%clk 0:03:10]} e5 {[%clk 0:11:03]} 24. Rxc8
{[%clk 0:03:06]} Rxc8 {[%clk 0:11:11]} 25. f5 {[%clk 0:03:12]} Qb5
{[%clk 0:11:13]} 26. Bd3 {[%clk 0:03:12]} Qa4 {[%clk 0:11:02]} 27. fxg6
{[%clk 0:02:01]} hxg6 {[%clk 0:11:03]} 28. b3 {[%clk 0:01:22]} Qc6
{[%clk 0:10:43]} 29. Bc4 {[%clk 0:01:15]} Rf8 {[%clk 0:10:30]} 30. Ng3
{[%clk 0:00:45]} d5 {[%clk 0:09:30]} 31. exd5 {[%clk 0:00:49]} Nxd5
{[%clk 0:09:38]} 32. Nge4 {[%clk 0:00:35]} Nf4 {[%clk 0:09:31]} 33. Rxf4
{[%clk 0:00:39]} exf4 {[%clk 0:09:36]} 34. Ng5 {[%clk 0:00:49]} Nf6
{[%clk 0:09:28]} 35. Nde4 {[%clk 0:00:57]} Nh5 {[%clk 0:09:11]} 36. Nxf7
{[%clk 0:00:47]} Rxf7 {[%clk 0:08:19]} 37. Ng5 {[%clk 0:00:56]} Bf6
{[%clk 0:08:14]} 38. Nxf7 {[%clk 0:00:49]} Kg7 {[%clk 0:08:14]} 39. Be2
{[%clk 0:00:12]} Qc2 {[%clk 0:02:39]} 40. Bxh5 {[%clk 0:00:12]} gxh5
{[%clk 0:02:43]} 41. Nd6 {[%clk 0:00:21]} Kg6 {[%clk 0:02:23]} 42. Nc4
{[%clk 0:00:13]} Qe2 {[%clk 0:02:00]} 43. Nd6 {[%clk 0:00:21]} Qc2
{[%clk 0:00:52]} 44. Nc4 {[%clk 0:00:30]} Be4 {[%clk 0:00:48]} 45. Nd6
{[%clk 0:00:34]} Ba8 {[%clk 0:00:30]} 46. Nc4 {[%clk 0:00:42]} Qxa2
{[%clk 0:00:36]} 47. Qd3+ {[%clk 0:00:51]} Kh6 {[%clk 0:00:42]} 48. Nd2
{[%clk 0:00:29]} Qb2 {[%clk 0:00:29]} 49. h3 {[%clk 0:00:14]} Qc3
{[%clk 0:00:35]} 50. Qe2 {[%clk 0:00:13]} Qxh3+ {[%clk 0:00:39]} 51. Bh2
{[%clk 0:00:22]} Qe3 {[%clk 0:00:46]} 52. Qf1 {[%clk 0:00:20]} Kg7
{[%clk 0:00:20]} 53. Qxf4 {[%clk 0:00:12]} Qe1+ {[%clk 0:00:19]} 54. Nf1
{[%clk 0:00:17]} Bd5 {[%clk 0:00:22]} 55. Qc7+ {[%clk 0:00:14]} Kg6
{[%clk 0:00:26]} 56. Qc2+ {[%clk 0:00:21]} Qe4 {[%clk 0:00:25]} 57. Qxe4+
{[%clk 0:00:25]} Bxe4 {[%clk 0:00:33]} 58. Nd2 {[%clk 0:00:27]} Bd5
{[%clk 0:00:42]} 59. Bd6 {[%clk 0:00:17]} Bc3 {[%clk 0:00:45]} 60. Bf4
{[%clk 0:00:17]} Kf5 {[%clk 0:00:51]} 61. Be3 {[%clk 0:00:27]} Be4
{[%clk 0:00:46]} 62. Kg1 {[%clk 0:00:31]} Bd3 {[%clk 0:00:53]} 63. Kf2
{[%clk 0:00:37]} Kg4 {[%clk 0:01:01]} 64. Nf3 {[%clk 0:00:33]} Bc2
{[%clk 0:01:06]} 65. Nd4 {[%clk 0:00:20]} Be4 {[%clk 0:01:10]} 66. Nb5
{[%clk 0:00:21]} Bf6 {[%clk 0:01:09]} 67. Nd4 {[%clk 0:00:14]} Bd5
{[%clk 0:01:13]} 68. Nc2 {[%clk 0:00:16]} Be7 {[%clk 0:01:12]} 69. Bd2
{[%clk 0:00:23]} Bxb3 {[%clk 0:01:21]} 70. Nxb4 {[%clk 0:00:25]} Bc5+
{[%clk 0:01:30]} 71. Ke1 {[%clk 0:00:22]} Kg3 {[%clk 0:01:34]} 72. Nd3
{[%clk 0:00:28]} Bd6 {[%clk 0:01:40]} 73. Nc1 {[%clk 0:00:20]} Bf7
{[%clk 0:01:42]} 74. Ne2+ {[%clk 0:00:26]} Kxg2 {[%clk 0:01:49]} 75. Nf4+
{[%clk 0:00:35]} Kf3 {[%clk 0:01:56]} 76. Nxh5 {[%clk 0:00:44]} Bxh5
{[%clk 0:02:05]} 77. Kd1 {[%clk 0:00:43]} Bg6 {[%clk 0:02:13]} 78. Bh6
{[%clk 0:00:40]} Bb4 {[%clk 0:02:12]} 79. Kc1 {[%clk 0:00:29]} Ke2
{[%clk 0:02:15]} 80. Kb2 {[%clk 0:00:32]} Bf7 {[%clk 0:02:24]} 81. Bg7
{[%clk 0:00:38]} Kd3 {[%clk 0:02:31]} 82. Ka1 {[%clk 0:00:45]} 1/2-1/2

[Event "Team Championship of Russia (rapid)"]
[Site "Sochi"]
[Date "2015.05.08"]
[Round "1.24"]
[White "Maletin, Pavel"]
[Black "Torbin, Kirill"]
[Result "1-0"]
[LiveChessVersion "1.4.4"]
[BlackElo "2344"]
[WhiteElo "2540"]
[BlackTeam "Ladya-2"]
[WhiteTeam "Siberia"]

1. Nf3 {[%clk 0:15:19]} d5 {[%clk 0:15:19]} 2. g3 {[%clk 0:15:25]} c6
{[%clk 0:15:26]} 3. c4 {[%clk 0:15:33]} dxc4 {[%clk 0:15:26]} 4. Bg2
{[%clk 0:15:42]} Nf6 {[%clk 0:15:32]} 5. O-O {[%clk 0:15:51]} Nbd7
{[%clk 0:15:32]} 6. Na3 {[%clk 0:15:59]} Nb6 {[%clk 0:15:37]} 7. Ne5
{[%clk 0:16:05]} Be6 {[%clk 0:15:44]} 8. Qc2 {[%clk 0:16:10]} Bd5
{[%clk 0:15:51]} 9. e4 {[%clk 0:16:04]} Be6 {[%clk 0:15:27]} 10. Naxc4
{[%clk 0:16:04]} g6 {[%clk 0:15:26]} 11. Na5 {[%clk 0:15:59]} Rb8
{[%clk 0:15:21]} 12. d4 {[%clk 0:15:26]} Bg7 {[%clk 0:13:39]} 13. Be3
{[%clk 0:15:19]} Ng4 {[%clk 0:13:07]} 14. Nxg4 {[%clk 0:14:47]} Bxg4
{[%clk 0:13:15]} 15. h3 {[%clk 0:14:45]} Be6 {[%clk 0:12:01]} 16. Rfd1
{[%clk 0:14:46]} O-O {[%clk 0:12:07]} 17. Bf4 {[%clk 0:14:53]} Ra8
{[%clk 0:11:38]} 18. Nxb7 {[%clk 0:14:59]} Qc8 {[%clk 0:11:47]} 19. Na5
{[%clk 0:15:02]} Bxh3 {[%clk 0:11:53]} 20. Nxc6 {[%clk 0:15:00]} Re8
{[%clk 0:12:02]} 21. Rac1 {[%clk 0:15:00]} Bg4 {[%clk 0:12:00]} 22. Rd2
{[%clk 0:14:33]} Qa6 {[%clk 0:11:09]} 23. b3 {[%clk 0:13:15]} Rac8
{[%clk 0:10:39]} 24. d5 {[%clk 0:13:20]} e5 {[%clk 0:08:11]} 25. Be3
{[%clk 0:13:15]} Bd7 {[%clk 0:08:12]} 26. b4 {[%clk 0:12:35]} Qa3
{[%clk 0:07:22]} 27. Rd3 {[%clk 0:12:13]} Qa6 {[%clk 0:07:30]} 28. Bf1
{[%clk 0:12:12]} Qb7 {[%clk 0:07:39]} 29. Ra3 {[%clk 0:11:59]} Ra8
{[%clk 0:07:48]} 30. Ba6 {[%clk 0:12:07]} 1-0

[Event "Team Championship of Russia (rapid)"]
[Site "Sochi"]
[Date "2015.05.08"]
[Round "1.25"]
[White "Kamsky, Gata"]
[Black "Triapishko, Olexandr"]
[Result "1-0"]
[LiveChessVersion "1.4.4"]
[BlackElo "2544"]
[WhiteElo "2675"]
[BlackTeam "Crimea"]
[WhiteTeam "Ladya"]

1. d4 {[%clk 0:15:18]} Nf6 {[%clk 0:15:18]} 2. Nf3 {[%clk 0:15:27]} g6
{[%clk 0:15:24]} 3. Bf4 {[%clk 0:15:35]} Bg7 {[%clk 0:15:32]} 4. c3
{[%clk 0:15:43]} O-O {[%clk 0:14:10]} 5. Nbd2 {[%clk 0:15:50]} d6
{[%clk 0:12:38]} 6. h3 {[%clk 0:15:58]} Nbd7 {[%clk 0:12:08]} 7. Bh2
{[%clk 0:16:04]} c5 {[%clk 0:12:16]} 8. e3 {[%clk 0:16:09]} b6 {[%clk 0:12:13]}
9. a4 {[%clk 0:16:16]} a6 {[%clk 0:12:15]} 10. Be2 {[%clk 0:16:24]} Bb7
{[%clk 0:12:17]} 11. O-O {[%clk 0:16:31]} Qc7 {[%clk 0:12:09]} 12. Bd3
{[%clk 0:16:09]} Rfe8 {[%clk 0:10:37]} 13. e4 {[%clk 0:16:15]} e5
{[%clk 0:08:58]} 14. d5 {[%clk 0:15:30]} Bxd5 {[%clk 0:07:26]} 15. exd5
{[%clk 0:15:38]} e4 {[%clk 0:07:35]} 16. Nxe4 {[%clk 0:15:22]} Nxe4
{[%clk 0:07:42]} 17. Re1 {[%clk 0:15:10]} Nef6 {[%clk 0:07:00]} 18. Qb3
{[%clk 0:15:05]} Ne5 {[%clk 0:06:00]} 19. Nxe5 {[%clk 0:11:22]} dxe5
{[%clk 0:06:08]} 20. Bc4 {[%clk 0:09:52]} Qd6 {[%clk 0:05:28]} 21. Rad1
{[%clk 0:09:49]} Nd7 {[%clk 0:04:37]} 22. Qc2 {[%clk 0:09:51]} Ra7
{[%clk 0:03:24]} 23. Qe2 {[%clk 0:09:57]} Nb8 {[%clk 0:03:21]} 24. Kh1
{[%clk 0:09:48]} f5 {[%clk 0:03:20]} 25. g4 {[%clk 0:09:52]} Rf7 {[%clk 0:02:37]}
26. f3 {[%clk 0:09:41]} a5 {[%clk 0:01:46]} 27. Bd3 {[%clk 0:09:44]} Nd7
{[%clk 0:01:39]} 28. gxf5 {[%clk 0:09:52]} gxf5 {[%clk 0:01:48]} 29. Rg1
{[%clk 0:09:57]} Kh8 {[%clk 0:01:33]} 30. Bb5 {[%clk 0:08:14]} Qh6
{[%clk 0:01:03]} 31. Qg2 {[%clk 0:07:11]} Bf6 {[%clk 0:00:50]} 32. d6
{[%clk 0:06:50]} Rg7 {[%clk 0:00:43]} 33. Qe2 {[%clk 0:06:28]} Reg8
{[%clk 0:00:33]} 34. Rxg7 {[%clk 0:05:38]} Rxg7 {[%clk 0:00:36]} 35. Bxd7
{[%clk 0:05:45]} Rxd7 {[%clk 0:00:43]} 36. Bxe5 {[%clk 0:05:52]} Bxe5
{[%clk 0:00:29]} 37. Qxe5+ {[%clk 0:06:01]} Rg7 {[%clk 0:00:37]} 38. Qxf5
{[%clk 0:05:21]} Rg3 {[%clk 0:00:44]} 39. Kh2 {[%clk 0:05:03]} Rg5
{[%clk 0:00:53]} 40. Qe4 {[%clk 0:04:59]} Qf6 {[%clk 0:00:43]} 41. d7
{[%clk 0:05:02]} Rg8 {[%clk 0:00:51]} 42. f4 {[%clk 0:05:01]} Rd8
{[%clk 0:00:33]} 43. Qe5 {[%clk 0:05:09]} 1-0

[Event "Team Championship of Russia (rapid)"]
[Site "Sochi"]
[Date "2015.05.08"]
[Round "1.26"]
[White "Shemeakin, Alexander"]
[Black "Artemiev, Vladislav"]
[Result "0-1"]
[LiveChessVersion "1.4.4"]
[BlackElo "2562"]
[WhiteElo "2559"]
[BlackTeam "Ladya"]
[WhiteTeam "Crimea"]

1. d4 {[%clk 0:15:17]} Nf6 {[%clk 0:15:11]} 2. c4 {[%clk 0:15:25]} g6
{[%clk 0:15:19]} 3. Nc3 {[%clk 0:15:32]} d5 {[%clk 0:15:27]} 4. cxd5
{[%clk 0:15:39]} Nxd5 {[%clk 0:15:34]} 5. e4 {[%clk 0:15:47]} Nxc3
{[%clk 0:15:06]} 6. bxc3 {[%clk 0:15:53]} Bg7 {[%clk 0:15:14]} 7. Bc4
{[%clk 0:15:59]} c5 {[%clk 0:15:20]} 8. Ne2 {[%clk 0:16:07]} Nc6 {[%clk 0:15:28]}
9. Be3 {[%clk 0:16:14]} O-O {[%clk 0:15:35]} 10. O-O {[%clk 0:16:20]} Bg4
{[%clk 0:15:40]} 11. f3 {[%clk 0:16:25]} Bd7 {[%clk 0:15:46]} 12. Qd2
{[%clk 0:15:29]} Qa5 {[%clk 0:15:38]} 13. Rfd1 {[%clk 0:14:54]} Rfd8
{[%clk 0:14:45]} 14. Rab1 {[%clk 0:12:59]} Qc7 {[%clk 0:09:55]} 15. Rbc1
{[%clk 0:11:33]} Be8 {[%clk 0:09:40]} 16. Bh6 {[%clk 0:10:01]} Bh8
{[%clk 0:09:01]} 17. Qe3 {[%clk 0:10:08]} Rac8 {[%clk 0:08:08]} 18. Bf4
{[%clk 0:09:28]} Qa5 {[%clk 0:08:13]} 19. e5 {[%clk 0:09:02]} b5 {[%clk 0:05:45]}
20. Bb3 {[%clk 0:06:27]} cxd4 {[%clk 0:04:12]} 21. cxd4 {[%clk 0:06:07]} Qb6
{[%clk 0:04:21]} 22. Bg5 {[%clk 0:03:51]} Qb7 {[%clk 0:04:08]} 23. f4
{[%clk 0:03:45]} Na5 {[%clk 0:04:07]} 24. Rxc8 {[%clk 0:03:50]} Rxc8
{[%clk 0:04:15]} 25. d5 {[%clk 0:03:54]} Nxb3 {[%clk 0:04:10]} 26. axb3
{[%clk 0:03:50]} a5 {[%clk 0:03:32]} 27. d6 {[%clk 0:01:36]} exd6
{[%clk 0:03:41]} 28. exd6 {[%clk 0:01:44]} Bd7 {[%clk 0:03:37]} 29. Rc1
{[%clk 0:00:54]} Rxc1+ {[%clk 0:03:20]} 30. Nxc1 {[%clk 0:01:01]} Qd5
{[%clk 0:03:22]} 31. Qe7 {[%clk 0:00:32]} Qd1+ {[%clk 0:03:22]} 32. Kf2
{[%clk 0:00:41]} Bd4+ {[%clk 0:03:31]} 33. Kg3 {[%clk 0:00:44]} Qg4#
{[%clk 0:03:39]} 0-1

[Event "Team Championship of Russia (rapid)"]
[Site "Sochi"]
[Date "2015.05.08"]
[Round "1.27"]
[White "Timofeev, Artyom"]
[Black "Alexeev, Alexey"]
[Result "1-0"]
[LiveChessVersion "1.4.4"]
[BlackElo "2416"]
[WhiteElo "2588"]
[BlackTeam "Crimea"]
[WhiteTeam "Ladya"]

1. c4 {[%clk 0:15:16]} Nf6 {[%clk 0:15:17]} 2. Nc3 {[%clk 0:15:22]} g6
{[%clk 0:15:24]} 3. g3 {[%clk 0:15:24]} Bg7 {[%clk 0:15:32]} 4. Bg2
{[%clk 0:15:30]} O-O {[%clk 0:15:38]} 5. Nf3 {[%clk 0:14:26]} d6 {[%clk 0:15:43]}
6. O-O {[%clk 0:14:28]} a6 {[%clk 0:15:49]} 7. d3 {[%clk 0:13:00]} e5
{[%clk 0:15:56]} 8. Rb1 {[%clk 0:13:01]} h6 {[%clk 0:15:43]} 9. b3
{[%clk 0:12:56]} Nh5 {[%clk 0:15:35]} 10. Bb2 {[%clk 0:12:21]} Be6
{[%clk 0:13:56]} 11. d4 {[%clk 0:10:26]} Bf5 {[%clk 0:11:46]} 12. Rc1
{[%clk 0:08:51]} Nc6 {[%clk 0:10:08]} 13. d5 {[%clk 0:08:50]} Nd4
{[%clk 0:09:40]} 14. Ne1 {[%clk 0:08:40]} Qg5 {[%clk 0:06:09]} 15. e3
{[%clk 0:08:09]} Bg4 {[%clk 0:06:14]} 16. Qd2 {[%clk 0:07:46]} Nf5
{[%clk 0:04:28]} 17. h3 {[%clk 0:07:29]} Nf6 {[%clk 0:03:22]} 18. hxg4
{[%clk 0:06:41]} Nxg4 {[%clk 0:03:29]} 19. Bh3 {[%clk 0:06:35]} Ngxe3
{[%clk 0:03:05]} 20. fxe3 {[%clk 0:06:26]} Qxg3+ {[%clk 0:03:13]} 21. Bg2
{[%clk 0:04:48]} Qxe3+ {[%clk 0:03:02]} 22. Qxe3 {[%clk 0:04:54]} Nxe3
{[%clk 0:03:10]} 23. Rf3 {[%clk 0:04:52]} Nxg2 {[%clk 0:03:10]} 24. Nxg2
{[%clk 0:04:59]} e4 {[%clk 0:03:17]} 25. Rff1 {[%clk 0:04:54]} Bd4+
{[%clk 0:03:10]} 26. Kh2 {[%clk 0:04:55]} Be5+ {[%clk 0:03:14]} 27. Kh3
{[%clk 0:04:50]} f5 {[%clk 0:03:18]} 28. Nf4 {[%clk 0:04:32]} Bxf4
{[%clk 0:02:58]} 29. Rxf4 {[%clk 0:04:39]} g5 {[%clk 0:03:04]} 30. Rff1
{[%clk 0:04:29]} Rae8 {[%clk 0:02:52]} 31. Ne2 {[%clk 0:04:03]} e3
{[%clk 0:03:00]} 32. Nd4 {[%clk 0:04:00]} e2 {[%clk 0:02:38]} 33. Rfe1
{[%clk 0:03:52]} Re3+ {[%clk 0:02:47]} 34. Kh2 {[%clk 0:03:56]} f4
{[%clk 0:01:52]} 35. Rxe2 {[%clk 0:03:59]} Rfe8 {[%clk 0:01:22]} 36. Rce1
{[%clk 0:03:54]} R8e4 {[%clk 0:01:09]} 37. Rxe3 {[%clk 0:04:00]} fxe3
{[%clk 0:01:17]} 38. Nf5 {[%clk 0:04:01]} Rf4 {[%clk 0:01:16]} 39. Nxh6+
{[%clk 0:02:24]} Kh7 {[%clk 0:01:25]} 40. Ng4 {[%clk 0:02:30]} Rxg4
{[%clk 0:01:33]} 41. Rxe3 {[%clk 0:02:38]} b5 {[%clk 0:01:41]} 42. Re7+
{[%clk 0:02:41]} Kg6 {[%clk 0:01:49]} 43. Rxc7 {[%clk 0:02:48]} Re4
{[%clk 0:01:53]} 44. Ba3 {[%clk 0:02:55]} Kf5 {[%clk 0:01:53]} 45. Bxd6
{[%clk 0:03:00]} Kg4 {[%clk 0:02:02]} 46. c5 {[%clk 0:01:55]} Rd4
{[%clk 0:02:06]} 47. c6 {[%clk 0:01:35]} Rxd5 {[%clk 0:02:14]} 48. Bb4
{[%clk 0:01:42]} Re5 {[%clk 0:02:13]} 49. Re7 {[%clk 0:01:49]} 1-0

[Event "Team Championship of Russia (rapid)"]
[Site "Sochi"]
[Date "2015.05.08"]
[Round "1.28"]
[White "Vasilevich, Tatjana"]
[Black "Sharafiev, Azat"]
[Result "1/2-1/2"]
[LiveChessVersion "1.4.4"]
[BlackElo "2674"]
[WhiteElo "2268"]
[BlackTeam "Ladya"]
[WhiteTeam "Crimea"]

1. d4 {[%clk 0:15:18]} Nf6 {[%clk 0:15:19]} 2. c4 {[%clk 0:15:27]} d6
{[%clk 0:15:27]} 3. Nc3 {[%clk 0:15:31]} e5 {[%clk 0:15:36]} 4. Nf3
{[%clk 0:15:05]} Nbd7 {[%clk 0:15:43]} 5. e4 {[%clk 0:15:03]} Be7
{[%clk 0:15:52]} 6. Be2 {[%clk 0:15:07]} O-O {[%clk 0:16:00]} 7. O-O
{[%clk 0:15:15]} c6 {[%clk 0:16:07]} 8. Re1 {[%clk 0:15:07]} Qe8 {[%clk 0:15:58]}
9. Bf1 {[%clk 0:14:46]} Bd8 {[%clk 0:16:05]} 10. d5 {[%clk 0:12:16]} Qe7
{[%clk 0:16:05]} 11. b3 {[%clk 0:11:53]} Ba5 {[%clk 0:15:35]} 12. Bb2
{[%clk 0:11:56]} cxd5 {[%clk 0:15:43]} 13. cxd5 {[%clk 0:11:38]} Nc5
{[%clk 0:15:49]} 14. Nd2 {[%clk 0:11:40]} Bg4 {[%clk 0:15:42]} 15. f3
{[%clk 0:11:38]} Bd7 {[%clk 0:15:48]} 16. Nc4 {[%clk 0:11:40]} Bxc3
{[%clk 0:15:08]} 17. Bxc3 {[%clk 0:11:48]} Nh5 {[%clk 0:15:09]} 18. g3
{[%clk 0:11:32]} g6 {[%clk 0:12:37]} 19. a4 {[%clk 0:11:36]} Rfc8
{[%clk 0:11:48]} 20. a5 {[%clk 0:11:36]} Bb5 {[%clk 0:11:36]} 21. Rc1
{[%clk 0:08:57]} Bxc4 {[%clk 0:11:31]} 22. Bxc4 {[%clk 0:08:57]} a6
{[%clk 0:11:36]} 23. Qe2 {[%clk 0:08:23]} Qg5 {[%clk 0:10:56]} 24. Bd2
{[%clk 0:08:03]} Qd8 {[%clk 0:11:04]} 25. b4 {[%clk 0:07:56]} Nd7
{[%clk 0:11:12]} 26. f4 {[%clk 0:07:33]} exf4 {[%clk 0:09:03]} 27. gxf4
{[%clk 0:07:42]} Qh4 {[%clk 0:07:51]} 28. Qf2 {[%clk 0:07:32]} Qg4+
{[%clk 0:07:40]} 29. Kh1 {[%clk 0:07:18]} Ndf6 {[%clk 0:07:41]} 30. Qg2
{[%clk 0:04:57]} Qh4 {[%clk 0:07:16]} 31. Qf3 {[%clk 0:04:10]} Re8
{[%clk 0:07:00]} 32. Bd3 {[%clk 0:04:08]} g5 {[%clk 0:01:26]} 33. Rg1
{[%clk 0:03:26]} g4 {[%clk 0:00:46]} 34. Be1 {[%clk 0:03:24]} Kf8
{[%clk 0:00:45]} 35. Qe3 {[%clk 0:00:19]} g3 {[%clk 0:00:18]} 36. Bxg3
{[%clk 0:00:24]} Nxg3+ {[%clk 0:00:18]} 37. Rxg3 {[%clk 0:00:21]} Nh5 38. Rf3
{[%clk 0:00:27]} Rac8 {[%clk 0:00:18]} 39. Rg1 {[%clk 0:00:35]} Nf6
{[%clk 0:00:13]} 40. Qd4 {[%clk 0:00:29]} Ng4 {[%clk 0:00:14]} 41. h3
{[%clk 0:00:24]} h5 {[%clk 0:00:18]} 42. Qb2 {[%clk 0:00:21]} Nf6
{[%clk 0:00:13]} 43. Qd4 {[%clk 0:00:25]} Ng4 {[%clk 0:00:22]} 44. Qb2
{[%clk 0:00:34]} Nf6 {[%clk 0:00:31]} 45. Qd4 {[%clk 0:00:23]} Ng4
{[%clk 0:00:39]} 46. Qb2 {[%clk 0:00:32]} 1/2-1/2

[Event "Team Championship of Russia (rapid)"]
[Site "Sochi"]
[Date "2015.05.08"]
[Round "1.29"]
[White "Belov, Igor"]
[Black "Alekseev, Evgeny"]
[Result "1/2-1/2"]
[LiveChessVersion "1.4.4"]
[BlackElo "2801"]
[WhiteElo "2506"]
[BlackTeam "University"]
[WhiteTeam "SK Volga"]

1. Nf3 {[%clk 0:15:18]} c5 {[%clk 0:15:17]} 2. c4 {[%clk 0:15:27]} Nc6
{[%clk 0:15:20]} 3. Nc3 {[%clk 0:15:31]} g6 {[%clk 0:15:22]} 4. e3
{[%clk 0:15:39]} Nf6 {[%clk 0:15:28]} 5. d4 {[%clk 0:15:44]} cxd4
{[%clk 0:15:35]} 6. exd4 {[%clk 0:15:53]} d5 {[%clk 0:15:43]} 7. cxd5
{[%clk 0:15:08]} Nxd5 {[%clk 0:15:50]} 8. Qb3 {[%clk 0:15:08]} Nxc3
{[%clk 0:15:44]} 9. Bc4 {[%clk 0:15:15]} Nd5 {[%clk 0:15:46]} 10. Bxd5
{[%clk 0:15:23]} e6 {[%clk 0:15:55]} 11. Bxc6+ {[%clk 0:15:27]} bxc6
{[%clk 0:16:03]} 12. O-O {[%clk 0:14:28]} f6 {[%clk 0:16:02]} 13. Be3
{[%clk 0:14:22]} Qd5 {[%clk 0:16:06]} 14. Rfc1 {[%clk 0:14:10]} Bd6
{[%clk 0:15:51]} 15. Nd2 {[%clk 0:13:47]} Kf7 {[%clk 0:15:11]} 16. Qc2
{[%clk 0:13:30]} Bd7 {[%clk 0:14:22]} 17. Ne4 {[%clk 0:13:30]} Be7
{[%clk 0:14:24]} 18. f3 {[%clk 0:13:17]} Rhb8 {[%clk 0:14:02]} 19. Qf2
{[%clk 0:12:56]} h5 {[%clk 0:12:21]} 20. Nc5 {[%clk 0:12:59]} a5 {[%clk 0:12:05]}
21. b3 {[%clk 0:12:52]} Bc8 {[%clk 0:10:42]} 22. Rc2 {[%clk 0:12:35]} Qf5
{[%clk 0:10:13]} 23. Rac1 {[%clk 0:12:32]} g5 {[%clk 0:09:59]} 24. Ne4
{[%clk 0:10:05]} Bd7 {[%clk 0:08:48]} 25. Nc5 {[%clk 0:08:11]} Be8
{[%clk 0:08:41]} 26. h3 {[%clk 0:08:14]} Rb5 {[%clk 0:07:30]} 27. g4
{[%clk 0:08:08]} Qh7 {[%clk 0:07:13]} 28. Qg3 {[%clk 0:07:45]} Bxc5
{[%clk 0:06:08]} 29. Rxc5 {[%clk 0:06:37]} Rxc5 {[%clk 0:06:10]} 30. Qc7+
{[%clk 0:05:46]} Kg8 {[%clk 0:06:13]} 31. Qxh7+ {[%clk 0:05:54]} Kxh7
{[%clk 0:06:22]} 32. Rxc5 {[%clk 0:05:54]} hxg4 {[%clk 0:06:17]} 33. hxg4
{[%clk 0:06:02]} a4 {[%clk 0:06:26]} 34. b4 {[%clk 0:06:05]} a3 {[%clk 0:06:32]}
35. Ra5 {[%clk 0:05:41]} Rxa5 {[%clk 0:06:02]} 36. bxa5 {[%clk 0:05:49]} c5
{[%clk 0:06:10]} 37. dxc5 {[%clk 0:05:54]} e5 {[%clk 0:06:05]} 38. Bc1
{[%clk 0:05:59]} Bc6 {[%clk 0:06:13]} 39. Kf2 {[%clk 0:06:08]} Kg6
{[%clk 0:06:20]} 40. Bxa3 {[%clk 0:06:14]} Kf7 {[%clk 0:06:27]} 41. Ke1 1/2-1/2

[Event "Team Championship of Russia (rapid)"]
[Site "Sochi"]
[Date "2015.05.08"]
[Round "1.30"]
[White "Landa, Konstantin"]
[Black "Skomorokhin, Roman"]
[Result "1-0"]
[LiveChessVersion "1.4.4"]
[BlackElo "2299"]
[WhiteElo "2608"]
[BlackTeam "SK Volga"]
[WhiteTeam "University"]

1. d4 {[%clk 0:15:16]} d5 {[%clk 0:15:17]} 2. c4 {[%clk 0:15:25]} dxc4
{[%clk 0:15:24]} 3. e3 {[%clk 0:15:27]} Nf6 {[%clk 0:15:27]} 4. Bxc4
{[%clk 0:15:32]} a6 {[%clk 0:15:29]} 5. Nf3 {[%clk 0:15:33]} e6 {[%clk 0:15:32]}
6. O-O {[%clk 0:15:12]} b5 {[%clk 0:15:18]} 7. Be2 {[%clk 0:12:11]} Nbd7
{[%clk 0:15:19]} 8. a4 {[%clk 0:12:12]} b4 {[%clk 0:15:20]} 9. Nbd2
{[%clk 0:12:21]} Bb7 {[%clk 0:15:21]} 10. Nb3 {[%clk 0:11:40]} c5
{[%clk 0:15:27]} 11. Bd2 {[%clk 0:11:47]} Bd5 {[%clk 0:09:58]} 12. Rc1
{[%clk 0:08:09]} Qb6 {[%clk 0:09:19]} 13. a5 {[%clk 0:07:57]} Qa7
{[%clk 0:09:25]} 14. Nxc5 Nxc5 {[%clk 0:09:11]} 15. dxc5 {[%clk 0:07:58]} Bxc5
{[%clk 0:09:07]} 16. Qa4+ {[%clk 0:07:47]} Qd7 {[%clk 0:09:07]} 17. Bd1
{[%clk 0:06:40]} Bxf3 {[%clk 0:01:16]} 18. Qxd7+ {[%clk 0:04:33]} Nxd7
{[%clk 0:01:14]} 19. Bxf3 {[%clk 0:04:42]} Rb8 {[%clk 0:01:10]} 20. Be2
{[%clk 0:04:48]} Ke7 {[%clk 0:00:41]} 21. Bxa6 {[%clk 0:04:38]} Ra8
{[%clk 0:00:47]} 22. Bb5 {[%clk 0:04:27]} Rxa5 {[%clk 0:00:54]} 23. Bxd7
{[%clk 0:04:31]} Kxd7 {[%clk 0:01:02]} 24. Rfd1 {[%clk 0:04:41]} Kc6
{[%clk 0:00:13]} 25. Bxb4 {[%clk 0:04:30]} Rb5 {[%clk 0:00:22]} 26. Bc3
{[%clk 0:04:26]} f6 {[%clk 0:00:12]} 27. b4 {[%clk 0:04:30]} Kd5 1-0